000 00210 a2200097 4500
001 13981
100 _aWood F.R
245 _aThe second windmill book
260 _aLondon
_bHeinemann
_c
090 _c10943
_d10943
942 _aNUST-CAE
_cM
_c1051
999 _c249054
_d249054